| 000 | 01208cam a2200253 4500 | ||
|---|---|---|---|
| 082 | 0 | 0 |
_a172.4 _bBAS _cL6/P28 |
| 110 | 2 | _aUnited Nations. | |
| 245 | 1 | 0 |
_aBasic problems of disarmament; _breports. |
| 260 |
_aNew York, _bUnited Nations, _c1970. |
||
| 300 |
_axiii, 265 p. _billus. _c22 cm. |
||
| 500 | _a"United Nations publication. Sales no.:E.70.I.17." | ||
| 500 | _aThe 3d report by United Nations Group of Consultant Experts on Chemical and Bacteriological (Biological) Weapons. | ||
| 505 | 0 | _aEconomic and social consequences of disarmament.--Effects of the possible use of nuclear weapons and the security and economic implications for States of the acquisition and further development of these weapons.--Chemical and bacteriological (biological) weapons and the effects of their possible use. | |
| 526 |
_a0 _b0 _c0 _d172_400000000000000_BAS |
||
| 650 | 0 |
_aBiological warfare (International law) _937139 |
|
| 650 | 0 |
_aChemical warfare (International law) _937140 |
|
| 650 | 0 |
_aDisarmament. _927821 |
|
| 650 | 0 |
_aMCE _9379 |
|
| 650 | 0 |
_aNuclear disarmament. _937141 |
|
| 710 | 2 | 2 |
_aUnited Nations. _937142 |
| 710 | 2 | 2 |
_aUnited Nations. _937142 |
| 710 | 2 | 2 |
_aUnited Nations. _937142 |
| 942 |
_2ddc _cBK |
||
| 999 |
_c542045 _d542045 |
||